Arunachal Pradesh - State Quiz - Statistics

General Stats
  • This quiz has been taken 30 times
  • The average score is 11 of 20
Answer Stats
Hint Answer % Correct
Bhutan
89%
Bordering countries China
89%
Myanmar
89%
Bordering states Assam
81%
Which mountain range does the state sit on? Himalayas
78%
Capital and largest city Itanagar
78%
Nagaland
74%
One of the main rivers of the northern plains that flow through this state Brahmaputra
67%
Largest religion Christianity
67%
How many operational airports does it have? Zero
63%
Barter trade has been carried out with this autonomous region of neighbouring country #2 since centuries Tibet
59%
Official language English
56%
War broke out with neighbouring country #2 in this year 1962
52%
World's second largest monastery Tawang
52%
What does Arunachal mean? Dawn-lit {mountains}
44%
State bird Great Indian Hornbill
37%
Adi
26%
Largest tribes Nyishi
26%
Highest point Kangto
19%
Gallong
4%
No matching quizzes found
Score Distribution
Percent of People with Each Score
Percentile by Number Answered
Your Score History
You have not taken this quiz